[Event "World Cup 2023"]
[Site "Baku, Azerbaijan"]
[Date "2023.08.02"]
[Round "11.8"]
[White "Nihal Sarin (IND)"]
[Black "Bachmann Axel (PAR)"]
[Result "1-0"]
[WhiteFideId "25092340"]
[BlackFideId "3700488"]
[WhiteElo "2688"]
[BlackElo "2604"]

1. e4 {[%clk 01:30:28]} {[%emt 00:00:30]} c5 {[%clk 01:30:31]} {[%emt
00:00:30]} 2. Nf3 {[%clk 01:30:51]} {[%emt 00:00:06]} e6 {[%clk 01:30:58]}
{[%emt 00:00:04]} 3. g3 {[%clk 01:31:15]} {[%emt 00:00:06]} Nc6 {[%clk
01:29:32]} {[%emt 00:01:57]} 4. Bg2 {[%clk 01:30:49]} {[%emt 00:00:56]} Nf6
{[%clk 01:29:39]} {[%emt 00:00:23]} 5. Qe2 {[%clk 01:31:05]} {[%emt 00:00:14]}
e5 {[%clk 01:29:58]} {[%emt 00:00:11]} 6. O-O {[%clk 01:30:16]} {[%emt
00:01:19]} Be7 {[%clk 01:30:17]} {[%emt 00:00:12]} 7. c3 {[%clk 01:30:04]}
{[%emt 00:00:41]} O-O {[%clk 01:30:39]} {[%emt 00:00:09]} 8. Na3 {[%clk
01:30:16]} {[%emt 00:00:18]} Re8 {[%clk 01:29:57]} {[%emt 00:01:11]} 9. d3
{[%clk 01:28:15]} {[%emt 00:02:31]} h6 {[%clk 01:29:59]} {[%emt 00:00:29]} 10.
Nc4 {[%clk 01:27:32]} {[%emt 00:01:12]} Bf8 {[%clk 01:29:13]} {[%emt 00:01:16]}
11. Ne3 {[%clk 01:20:15]} {[%emt 00:07:46]} d6 {[%clk 01:12:25]} {[%emt
00:17:19]} 12. Nh4 {[%clk 01:10:23]} {[%emt 00:10:20]} Bd7 {[%clk 01:07:58]}
{[%emt 00:04:58]} 13. Bd2 {[%clk 01:03:05]} {[%emt 00:07:47]} b5 {[%clk
01:03:15]} {[%emt 00:05:14]} 14. Kh1 {[%clk 00:54:59]} {[%emt 01:08:46]} Rb8
{[%clk 01:00:38]} {[%emt 00:03:08]} 15. a3 {[%clk 00:45:11]} {[%emt 00:10:19]}
Na5 {[%clk 00:55:47]} {[%emt 00:05:21]} 16. Rad1 {[%clk 00:40:59]} {[%emt
00:04:42]} Nb3 {[%clk 00:51:25]} {[%emt 00:04:53]} 17. Be1 {[%clk 00:38:56]}
{[%emt 00:02:32]} a5 {[%clk 00:51:37]} {[%emt 00:00:19]} 18. Nf3 {[%clk
00:27:40]} {[%emt 00:11:44]} a4 {[%clk 00:44:18]} {[%emt 00:07:51]} 19. Nd2
{[%clk 00:26:14]} {[%emt 00:01:55]} Nxd2 {[%clk 00:28:40]} {[%emt 00:16:06]} 20.
Bxd2 {[%clk 00:25:27]} {[%emt 00:01:17]} Be6 {[%clk 00:26:30]} {[%emt
00:02:41]} 21. f4 {[%clk 00:23:26]} {[%emt 00:02:29]} exf4 {[%clk 00:24:51]}
{[%emt 00:02:11]} 22. gxf4 {[%clk 00:21:12]} {[%emt 00:02:44]} Bd7 {[%clk
00:17:30]} {[%emt 00:07:51]} 23. Be1 {[%clk 00:19:31]} {[%emt 00:02:11]} Qc8
{[%clk 00:07:27]} {[%emt 00:10:33]} 24. Bf3 {[%clk 00:13:57]} {[%emt 00:06:04]}
c4 {[%clk 00:02:22]} {[%emt 00:05:36]} 25. Bh4 {[%clk 00:12:44]} {[%emt
00:01:41]} cxd3 {[%clk 00:02:48]} {[%emt 00:00:05]} 26. Qxd3 {[%clk 00:13:09]}
{[%emt 00:00:05]} Ng4 {[%clk 00:03:11]} {[%emt 00:00:07]} 27. Nd5 {[%clk
00:13:05]} {[%emt 00:00:34]} Be6 {[%clk 00:03:30]} {[%emt 00:00:11]} 28. Rde1
{[%clk 00:13:06]} {[%emt 00:00:28]} h5 {[%clk 00:01:41]} {[%emt 00:02:20]} 29.
h3 {[%clk 00:04:46]} {[%emt 00:08:49]} Bxd5 {[%clk 00:02:07]} {[%emt 00:00:04]}
30. Qxd5 {[%clk 00:05:03]} {[%emt 00:00:13]} Nf2+ {[%clk 00:01:59]} {[%emt
00:00:38]} 31. Rxf2 {[%clk 00:03:56]} {[%emt 00:01:37]} Qxh3+ {[%clk 00:02:26]}
{[%emt 00:00:02]} 32. Kg1 {[%clk 00:04:21]} {[%emt 00:00:05]} Qxh4 {[%clk
00:02:47]} {[%emt 00:00:10]} 33. Bxh5 {[%clk 00:04:28]} {[%emt 00:00:24]} Qg3+
{[%clk 00:02:53]} {[%emt 00:00:24]} 34. Kf1 {[%clk 00:03:11]} {[%emt 00:01:47]}
Qh3+ {[%clk 00:03:18]} {[%emt 00:00:05]} 35. Ke2 {[%clk 00:01:20]} {[%emt
00:02:20]} Re7 {[%clk 00:02:20]} {[%emt 00:01:28]} 36. Bf3 {[%clk 00:00:59]}
{[%emt 00:00:51]} Rbe8 {[%clk 00:00:49]} {[%emt 00:02:01]} 37. Rh1 {[%clk
00:00:47]} {[%emt 00:00:42]} Rxe4+ {[%clk 00:01:15]} {[%emt 00:00:05]} 38. Kd1
{[%clk 00:01:12]} {[%emt 00:00:04]} Qe6 {[%clk 00:00:33]} {[%emt 00:01:12]} 39.
Bxe4 {[%clk 00:01:27]} {[%emt 00:00:15]} Qxe4 {[%clk 00:00:58]} {[%emt
00:00:05]} 40. Qxe4 {[%clk 00:01:49]} {[%emt 00:00:08]} Rxe4 {[%clk 00:01:22]}
{[%emt 00:00:06]} 41. Rh5 {[%clk 00:02:12]} {[%emt 00:00:06]} 1-0

[Event "World Cup 2023"]
[Site "Baku, Azerbaijan"]
[Date "2023.08.02"]
[Round "11.9"]
[White "Puranik Abhimanyu (IND)"]
[Black "Svidler Peter (FID)"]
[Result "0-1"]
[WhiteFideId "5061245"]
[BlackFideId "4102142"]
[WhiteElo "2605"]
[BlackElo "2688"]

1. c4 {[%clk 01:30:48]} {[%emt 00:00:11]} e5 {[%clk 01:29:26]} {[%emt
00:01:33]} 2. Nc3 {[%clk 01:30:44]} {[%emt 00:00:34]} Nf6 {[%clk 01:29:03]}
{[%emt 00:00:54]} 3. Nf3 {[%clk 01:31:06]} {[%emt 00:00:08]} Nc6 {[%clk
01:29:27]} {[%emt 00:00:06]} 4. g3 {[%clk 01:30:49]} {[%emt 00:00:47]} d5
{[%clk 01:26:29]} {[%emt 00:03:28]} 5. cxd5 {[%clk 01:31:00]} {[%emt 00:00:20]}
Nxd5 {[%clk 01:26:54]} {[%emt 00:00:05]} 6. Bg2 {[%clk 01:31:18]} {[%emt
00:00:11]} Nf6 {[%clk 01:21:38]} {[%emt 00:05:46]} 7. O-O {[%clk 01:27:22]}
{[%emt 00:04:25]} h6 {[%clk 01:21:08]} {[%emt 00:01:00]} 8. Qc2 {[%clk
01:10:33]} {[%emt 00:17:19]} Bc5 {[%clk 01:08:33]} {[%emt 00:13:06]} 9. a3
{[%clk 01:07:41]} {[%emt 00:03:21]} a5 {[%clk 01:07:37]} {[%emt 00:01:26]} 10.
d3 {[%clk 01:02:18]} {[%emt 00:05:54]} O-O {[%clk 01:07:33]} {[%emt 00:00:34]}
11. Nb5 {[%clk 01:01:22]} {[%emt 00:01:26]} Bb6 {[%clk 01:03:50]} {[%emt
00:04:13]} 12. Nd2 {[%clk 01:01:15]} {[%emt 00:00:36]} Re8 {[%clk 01:01:30]}
{[%emt 00:02:50]} 13. Nc4 {[%clk 00:58:54]} {[%emt 01:03:03]} Be6 {[%clk
00:57:32]} {[%emt 00:04:28]} 14. Bd2 {[%clk 00:48:10]} {[%emt 00:11:14]} Bd5
{[%clk 00:55:24]} {[%emt 00:02:38]} 15. Bxd5 {[%clk 00:44:41]} {[%emt
00:03:59]} Nxd5 {[%clk 00:54:57]} {[%emt 00:00:57]} 16. Rac1 {[%clk 00:41:01]}
{[%emt 00:04:10]} Nd4 {[%clk 00:43:26]} {[%emt 00:12:01]} 17. Nxd4 {[%clk
00:41:04]} {[%emt 00:00:26]} exd4 {[%clk 00:43:54]} {[%emt 00:00:02]} 18. Rfe1
{[%clk 00:41:00]} {[%emt 00:00:34]} c6 {[%clk 00:39:27]} {[%emt 00:04:58]} 19.
b4 {[%clk 00:38:03]} {[%emt 00:03:26]} axb4 {[%clk 00:37:42]} {[%emt 00:02:15]}
20. axb4 {[%clk 00:38:29]} {[%emt 00:00:04]} Re6 {[%clk 00:33:06]} {[%emt
00:05:07]} 21. Qb2 {[%clk 00:27:16]} {[%emt 00:11:43]} Qd7 {[%clk 00:31:40]}
{[%emt 00:01:55]} 22. b5 {[%clk 00:23:33]} {[%emt 00:04:14]} cxb5 {[%clk
00:30:50]} {[%emt 00:01:19]} 23. Nxb6 {[%clk 00:23:42]} {[%emt 00:00:21]} Nxb6
{[%clk 00:31:18]} {[%emt 00:00:02]} 24. Rb1 {[%clk 00:23:22]} {[%emt 00:00:50]}
Re5 {[%clk 00:30:36]} {[%emt 00:01:12]} 25. e4 {[%clk 00:15:44]} {[%emt
00:08:08]} Na4 {[%clk 00:27:56]} {[%emt 00:03:10]} 26. Qb3 {[%clk 00:10:40]}
{[%emt 00:05:32]} Qh3 {[%clk 00:21:02]} {[%emt 00:07:25]} 27. f3 {[%clk
00:09:31]} {[%emt 00:01:41]} Rc5 {[%clk 00:19:33]} {[%emt 00:01:59]} 28. Rbc1
{[%clk 00:06:31]} {[%emt 00:03:30]} Nc3 {[%clk 00:17:58]} {[%emt 00:02:04]} 29.
e5 {[%clk 00:05:53]} {[%emt 00:01:08]} Qe6 {[%clk 00:16:04]} {[%emt 00:02:23]}
30. Qb4 {[%clk 00:05:59]} {[%emt 00:00:25]} Qd5 {[%clk 00:12:39]} {[%emt
00:03:55]} 31. Bxc3 {[%clk 00:05:16]} {[%emt 00:01:13]} Ra4 {[%clk 00:12:55]}
{[%emt 00:00:14]} 32. Qb2 {[%clk 00:03:39]} {[%emt 00:02:07]} dxc3 {[%clk
00:12:32]} {[%emt 00:00:52]} 0-1

[Event "World Cup 2023"]
[Site "Baku, Azerbaijan"]
[Date "2023.08.02"]
[Round "11.10"]
[White "Sarana Alexey (SRB)"]
[Black "Huang Renjie (USA)"]
[Result "1/2-1/2"]
[WhiteFideId "24133795"]
[BlackFideId "8610134"]
[WhiteElo "2685"]
[BlackElo "2445"]

1. d4 {[%clk 01:30:57]} {[%emt 00:00:01]} Nf6 {[%clk 01:30:54]} {[%emt
00:00:07]} 2. c4 {[%clk 01:31:22]} {[%emt 00:00:05]} e6 {[%clk 01:31:21]}
{[%emt 00:00:04]} 3. Nc3 {[%clk 01:31:41]} {[%emt 00:00:10]} Bb4 {[%clk
01:31:24]} {[%emt 00:00:27]} 4. Qc2 {[%clk 01:31:01]} {[%emt 00:01:10]} d5
{[%clk 01:29:19]} {[%emt 00:02:35]} 5. a3 {[%clk 01:31:13]} {[%emt 00:00:17]}
Bxc3+ {[%clk 01:29:32]} {[%emt 00:00:18]} 6. Qxc3 {[%clk 01:31:39]} {[%emt
00:00:05]} O-O {[%clk 01:29:46]} {[%emt 00:00:15]} 7. Nf3 {[%clk 01:31:58]}
{[%emt 00:00:10]} dxc4 {[%clk 01:28:52]} {[%emt 00:01:24]} 8. Qxc4 {[%clk
01:32:23]} {[%emt 00:00:06]} b6 {[%clk 01:29:17]} {[%emt 00:00:05]} 9. Bf4
{[%clk 01:31:19]} {[%emt 00:01:34]} Ba6 {[%clk 01:27:27]} {[%emt 00:02:20]} 10.
Qxc7 {[%clk 01:31:41]} {[%emt 00:00:07]} Qd5 {[%clk 01:27:54]} {[%emt
00:00:04]} 11. Qc2 {[%clk 01:24:23]} {[%emt 00:07:48]} Rc8 {[%clk 01:27:56]}
{[%emt 00:00:28]} 12. Qb1 {[%clk 01:24:49]} {[%emt 00:00:03]} h6 {[%clk
01:26:23]} {[%emt 00:02:02]} 13. h3 {[%clk 01:18:49]} {[%emt 00:06:32]} Qa5+
{[%clk 01:26:20]} {[%emt 00:00:33]} 14. Bd2 {[%clk 01:17:46]} {[%emt 00:01:32]}
Qd5 {[%clk 01:26:40]} {[%emt 00:00:11]} 15. Bf4 {[%clk 01:15:56]} {[%emt
00:02:21]} Qa5+ {[%clk 01:27:02]} {[%emt 00:00:08]} 16. Bd2 {[%clk 01:06:01]}
{[%emt 00:10:24]} Qd5 {[%clk 01:27:25]} {[%emt 00:00:06]} 17. Bf4 {[%clk
01:06:17]} {[%emt 00:00:15]} Qa5+ {[%clk 01:26:50]} {[%emt 00:00:35]} 1/2-1/2

[Event "World Cup 2023"]
[Site "Baku, Azerbaijan"]
[Date "2023.08.02"]
[Round "11.11"]
[White "Antipov Mikhail Al. (FID)"]
[Black "Grandelius Nils (SWE)"]
[Result "1/2-1/2"]
[WhiteFideId "4107012"]
[BlackFideId "1710400"]
[WhiteElo "2606"]
[BlackElo "2684"]

1. e4 {[%clk 01:30:57]} {[%emt 00:00:03]} e5 {[%clk 01:30:31]} {[%emt
00:00:29]} 2. Nf3 {[%clk 01:31:22]} {[%emt 00:00:05]} Nc6 {[%clk 01:30:54]}
{[%emt 00:00:06]} 3. Bc4 {[%clk 01:31:46]} {[%emt 00:00:07]} Nf6 {[%clk
01:30:37]} {[%emt 00:00:47]} 4. d3 {[%clk 01:32:11]} {[%emt 00:00:06]} d5
{[%clk 01:30:04]} {[%emt 00:01:03]} 5. exd5 {[%clk 01:32:34]} {[%emt 00:00:07]}
Nxd5 {[%clk 01:30:28]} {[%emt 00:00:05]} 6. O-O {[%clk 01:28:00]} {[%emt
00:05:05]} Nb6 {[%clk 01:29:57]} {[%emt 00:01:01]} 7. Bb3 {[%clk 01:27:30]}
{[%emt 00:00:59]} Bg4 {[%clk 01:28:34]} {[%emt 00:01:52]} 8. Nc3 {[%clk
01:10:53]} {[%emt 00:17:09]} Bd6 {[%clk 01:19:35]} {[%emt 00:09:28]} 9. h3
{[%clk 01:05:05]} {[%emt 00:06:18]} Bh5 {[%clk 01:08:59]} {[%emt 00:11:05]} 10.
Ne4 {[%clk 01:02:56]} {[%emt 00:02:40]} O-O {[%clk 01:00:20]} {[%emt 00:09:09]}
11. Bg5 {[%clk 00:58:23]} {[%emt 01:05:14]} Be7 {[%clk 00:51:02]} {[%emt
00:09:48]} 12. Bxe7 {[%clk 00:58:26]} {[%emt 00:00:27]} Qxe7 {[%clk 00:51:27]}
{[%emt 00:00:05]} 13. Ng3 {[%clk 00:58:46]} {[%emt 00:00:10]} Bg6 {[%clk
00:47:36]} {[%emt 00:04:21]} 14. h4 {[%clk 00:46:57]} {[%emt 00:12:20]} h6
{[%clk 00:46:38]} {[%emt 00:01:27]} 15. h5 {[%clk 00:46:19]} {[%emt 00:01:07]}
Bh7 {[%clk 00:47:03]} {[%emt 00:00:05]} 16. Re1 {[%clk 00:46:41]} {[%emt
00:00:09]} Rad8 {[%emt 00:14:01]} 17. Nxe5 {[%clk 00:32:51]} {[%emt 00:01:31]}
Nxe5 {[%clk 00:45:42]} {[%emt 00:01:08]} 18. d4 {[%clk 00:31:00]} {[%emt
00:02:21]} c5 {[%clk 00:34:29]} {[%emt 00:11:43]} 19. c3 {[%clk 00:30:54]}
{[%emt 00:00:33]} Rfe8 {[%clk 00:26:27]} {[%emt 00:08:35]} 20. Rxe5 {[%clk
00:29:38]} {[%emt 00:01:46]} Qxe5 {[%clk 00:26:37]} {[%emt 00:00:20]} 21. dxe5
{[%clk 00:30:04]} {[%emt 00:00:04]} Rxd1+ {[%clk 00:27:02]} {[%emt 00:00:05]}
22. Bxd1 {[%emt 00:00:37]} Nc4 {[%clk 00:25:51]} {[%emt 00:01:14]} 23. Bf3
{[%clk 00:26:52]} {[%emt 00:04:02]} Nxb2 {[%emt 00:06:55]} 24. Bxb7 {[%clk
00:23:09]} {[%emt 00:01:01]} Rxe5 {[%clk 00:23:01]} {[%emt 00:00:07]} 25. a4
{[%emt 00:02:44]} a5 {[%clk 00:18:41]} {[%emt 00:03:18]} 26. Ra2 {[%emt
00:05:46]} Nd3 {[%emt 00:07:04]} 27. Rd2 {[%emt 00:02:53]} Kf8 {[%clk
00:12:17]} {[%emt 00:01:06]} 28. Ba6 {[%clk 00:14:01]} {[%emt 00:00:31]} Nf4
{[%clk 00:12:39]} {[%emt 00:00:07]} 29. Rd7 {[%clk 00:11:36]} {[%emt 00:02:55]}
Re7 {[%clk 00:11:18]} {[%emt 00:01:50]} 30. Rd8+ {[%clk 00:11:58]} {[%emt
00:00:09]} Re8 {[%clk 00:11:45]} {[%emt 00:00:03]} 31. Rd7 {[%clk 00:12:20]}
{[%emt 00:00:08]} Re7 {[%clk 00:10:38]} {[%emt 00:01:36]} 32. Rd8+ {[%clk
00:12:42]} {[%emt 00:00:10]} Re8 {[%clk 00:11:05]} {[%emt 00:00:02]} 1/2-1/2

[Event "World Cup 2023"]
[Site "Baku, Azerbaijan"]
[Date "2023.08.02"]
[Round "11.12"]
[White "Esipenko Andrey (FID)"]
[Black "Safarli Eltaj (AZE)"]
[Result "1/2-1/2"]
[WhiteFideId "24175439"]
[BlackFideId "13402129"]
[WhiteElo "2683"]
[BlackElo "2607"]

1. c4 {[%clk 01:30:53]} {[%emt 00:00:07]} c5 {[%clk 01:30:37]} {[%emt
00:00:23]} 2. g3 {[%clk 01:31:04]} {[%emt 00:00:18]} Nc6 {[%clk 01:30:09]}
{[%emt 00:00:59]} 3. Bg2 {[%clk 01:31:12]} {[%emt 00:00:22]} g6 {[%clk
01:30:18]} {[%emt 00:00:21]} 4. Nc3 {[%clk 01:31:14]} {[%emt 00:00:28]} Bg7
{[%clk 01:30:35]} {[%emt 00:00:14]} 5. a3 {[%clk 01:31:11]} {[%emt 00:00:33]}
d6 {[%clk 01:27:14]} {[%emt 00:03:50]} 6. Rb1 {[%clk 01:31:08]} {[%emt
00:00:34]} Nf6 {[%clk 01:26:19]} {[%emt 00:01:25]} 7. b4 {[%clk 01:30:51]}
{[%emt 00:00:47]} O-O {[%clk 01:25:34]} {[%emt 00:01:15]} 8. d3 {[%clk
01:27:49]} {[%emt 00:03:33]} Rb8 {[%clk 01:15:55]} {[%emt 00:10:09]} 9. bxc5
{[%clk 01:16:28]} {[%emt 00:11:51]} dxc5 {[%clk 01:13:23]} {[%emt 00:03:02]} 10.
Bf4 {[%clk 00:53:41]} {[%emt 00:23:16]} Nh5 {[%clk 01:10:19]} {[%emt 00:03:34]}
11. Bd2 {[%clk 00:53:56]} {[%emt 00:00:15]} Nd4 {[%clk 00:59:37]} {[%emt
01:11:23]} 12. Nf3 {[%clk 00:41:26]} {[%emt 00:13:01]} b6 {[%clk 00:54:38]}
{[%emt 00:05:29]} 13. Nb5 {[%clk 00:35:28]} {[%emt 00:06:27]} Nxb5 {[%clk
00:51:12]} {[%emt 00:03:56]} 14. Rxb5 {[%clk 00:35:04]} {[%emt 00:00:55]} e5
{[%clk 00:42:59]} {[%emt 00:08:43]} 15. Qc1 {[%clk 00:34:35]} {[%emt 00:00:59]}
Bb7 {[%clk 00:42:20]} {[%emt 00:01:09]} 16. O-O {[%clk 00:34:05]} {[%emt
00:01:00]} e4 {[%clk 00:41:19]} {[%emt 00:01:31]} 17. dxe4 {[%clk 00:33:19]}
{[%emt 00:01:17]} Bxe4 {[%clk 00:41:37]} {[%emt 00:00:11]} 18. Rb3 {[%clk
00:31:37]} {[%emt 00:02:11]} Re8 {[%clk 00:40:06]} {[%emt 00:02:02]} 19. Re1
{[%clk 00:28:39]} {[%emt 00:03:29]} Qd7 {[%clk 00:37:43]} {[%emt 00:02:53]} 20.
Bc3 {[%clk 00:27:14]} {[%emt 00:01:54]} Rbd8 {[%clk 00:35:06]} {[%emt
00:03:08]} 21. Bxg7 {[%clk 00:25:16]} {[%emt 00:02:28]} Nxg7 {[%clk 00:35:06]}
{[%emt 00:00:29]} 22. h4 {[%clk 00:25:26]} {[%emt 00:00:22]} Nf5 {[%clk
00:33:09]} {[%emt 00:02:26]} 23. h5 {[%clk 00:19:20]} {[%emt 00:06:36]} Bxf3
{[%clk 00:30:56]} {[%emt 00:02:44]} 24. Bxf3 {[%clk 00:19:09]} {[%emt
00:00:41]} Nd4 {[%clk 00:30:47]} {[%emt 00:00:39]} 25. Rb1 {[%clk 00:13:43]}
{[%emt 00:05:57]} Nxf3+ {[%clk 00:25:32]} {[%emt 00:05:45]} 26. exf3 {[%clk
00:14:01]} {[%emt 00:00:12]} Rxe1+ {[%clk 00:25:58]} {[%emt 00:00:03]} 27. Qxe1
{[%clk 00:14:24]} {[%emt 00:00:07]} Re8 {[%clk 00:26:06]} {[%emt 00:00:22]} 28.
Qc1 {[%clk 00:11:14]} {[%emt 00:03:39]} Qf5 {[%clk 00:22:45]} {[%emt 00:03:51]}
29. hxg6 {[%clk 00:09:23]} {[%emt 00:02:22]} hxg6 {[%clk 00:23:08]} {[%emt
00:00:06]} 30. Kg2 {[%clk 00:07:24]} {[%emt 00:02:30]} Kg7 {[%clk 00:21:25]}
{[%emt 00:02:14]} 1/2-1/2

[Event "World Cup 2023"]
[Site "Baku, Azerbaijan"]
[Date "2023.08.02"]
[Round "11.13"]
[White "Brkic Ante (CRO)"]
[Black "Howell David W L (ENG)"]
[Result "1/2-1/2"]
[WhiteFideId "14506688"]
[BlackFideId "410608"]
[WhiteElo "2608"]
[BlackElo "2677"]

1. e4 {[%clk 01:30:57]} {[%emt 00:00:02]} e5 {[%clk 01:30:18]} {[%emt
00:00:42]} 2. Nf3 {[%clk 01:31:20]} {[%emt 00:00:07]} Nc6 {[%clk 01:30:24]}
{[%emt 00:00:25]} 3. d4 {[%clk 01:31:45]} {[%emt 00:00:05]} exd4 {[%clk
01:30:31]} {[%emt 00:00:24]} 4. Nxd4 {[%clk 01:32:10]} {[%emt 00:00:04]} Nf6
{[%clk 01:16:40]} {[%emt 00:14:20]} 5. Nxc6 {[%clk 01:31:56]} {[%emt 00:00:46]}
bxc6 {[%clk 01:17:01]} {[%emt 00:00:09]} 6. e5 {[%clk 01:32:18]} {[%emt
00:00:08]} Qe7 {[%clk 01:16:12]} {[%emt 00:01:18]} 7. Qe2 {[%clk 01:32:35]}
{[%emt 00:00:13]} Nd5 {[%clk 01:16:37]} {[%emt 00:00:05]} 8. h4 {[%clk
01:32:42]} {[%emt 00:00:23]} d6 {[%clk 01:11:20]} {[%emt 00:05:47]} 9. c4
{[%clk 01:31:14]} {[%emt 00:01:58]} Nb6 {[%clk 01:05:05]} {[%emt 00:06:46]} 10.
exd6 {[%clk 01:31:31]} {[%emt 00:00:13]} Qxe2+ {[%clk 00:52:37]} {[%emt
00:12:58]} 11. Bxe2 {[%clk 01:31:56]} {[%emt 00:00:05]} Bxd6 {[%clk 00:52:49]}
{[%emt 00:00:17]} 12. Be3 {[%clk 00:45:09]} {[%emt 01:47:28]} Be5 {[%clk
00:16:30]} {[%emt 00:36:50]} 13. Nc3 {[%clk 00:44:37]} {[%emt 00:01:02]} Be6
{[%clk 00:15:02]} {[%emt 00:01:57]} 14. O-O-O {[%clk 00:43:23]} {[%emt
00:01:44]} Nxc4 {[%clk 00:14:50]} {[%emt 00:00:42]} 15. Bxc4 {[%clk 00:38:06]}
{[%emt 00:05:47]} Bxc4 {[%clk 00:15:09]} {[%emt 00:00:12]} 16. Bc5 {[%clk
00:38:29]} {[%emt 00:00:07]} Bxc3 {[%clk 00:07:35]} {[%emt 00:08:04]} 17. bxc3
{[%clk 00:38:43]} {[%emt 00:00:15]} Rd8 {[%clk 00:07:59]} {[%emt 00:00:05]} 18.
Rhe1+ {[%clk 00:28:11]} {[%emt 00:11:02]} Be6 {[%clk 00:08:19]} {[%emt
00:00:11]} 19. Bxa7 {[%clk 00:23:16]} {[%emt 00:05:25]} Rxd1+ {[%clk 00:06:06]}
{[%emt 00:02:43]} 20. Kxd1 {[%clk 00:18:12]} {[%emt 00:05:34]} Kd7 {[%clk
00:03:14]} {[%emt 00:03:22]} 21. Bd4 {[%clk 00:11:34]} {[%emt 00:07:08]} Rg8
{[%clk 00:00:35]} {[%emt 00:03:09]} 22. a3 {[%clk 00:07:33]} {[%emt 00:04:31]}
g6 {[%clk 00:00:59]} {[%emt 00:00:06]} 23. Re2 {[%clk 00:05:23]} {[%emt
00:02:39]} Ra8 {[%clk 00:01:12]} {[%emt 00:00:17]} 24. Rd2 {[%clk 00:05:05]}
{[%emt 00:00:49]} Bd5 {[%clk 00:00:37]} {[%emt 00:01:05]} 25. Bc5 {[%clk
00:04:35]} {[%emt 00:01:00]} Ke6 {[%clk 00:00:34]} {[%emt 00:00:33]} 26. f3
{[%clk 00:04:43]} {[%emt 00:00:21]} Ra4 {[%clk 00:00:36]} {[%emt 00:00:29]} 27.
Rd4 {[%clk 00:03:15]} {[%emt 00:01:58]} Rc4 {[%clk 00:00:34]} {[%emt 00:00:32]}
28. Rxc4 {[%clk 00:03:02]} {[%emt 00:00:43]} Bxc4 {[%clk 00:01:00]} {[%emt
00:00:04]} 29. Kd2 {[%clk 00:03:19]} {[%emt 00:00:14]} Kd5 {[%clk 00:00:41]}
{[%emt 00:00:48]} 30. Be7 {[%clk 00:03:36]} {[%emt 00:00:12]} Bb5 {[%clk
00:00:32]} {[%emt 00:00:40]} 31. g4 {[%clk 00:03:35]} {[%emt 00:00:30]} 1/2-1/2